[Event "CHN-chT 6th"]
[Site "China"]
[Date "2010.04.17"]
[Round "2"]
[White "Zeng, Chongsheng"]
[Black "Wang, Li"]
[Result "1-0"]
[WhiteElo "2350"]
[BlackElo "2383"]
[PlyCount "139"]
[EventDate "2010.04.16"]
[EventType "team-tourn"]
[EventRounds "18"]
[EventCountry "CHN"]
[SourceTitle "CBM 136 Extra"]
[Source "ChessBase"]
[SourceDate "2010.07.02"]
[SourceVersion "2"]
[SourceVersionDate "2010.07.15"]
[SourceQuality "1"]

1. Nf3 d5 2. c4 e6 3. d4 dxc4 4. Qa4+ Nd7 5. Qxc4 Ngf6 6. Nc3 a6 7. a4 c5 8. Bg5 b5 9. Qd3 b4 10. Ne4 Bb7 11. Nxf6+ Nxf6 12. e3 h6 13. Bh4 Be7 14. Be2 Rc8 15. dxc5 Qxd3 16. Bxd3 Bxc5 17. Nd2 Rd8 18. Ke2 Be7 19. Rhc1 Nd5 20. Bxe7 Kxe7 21. Nb3 Rd6 22. Na5 Rb8 23. g3 f5 24. Rc5 Ba8 25. Nc4 Rc6 26. Rxc6 Bxc6 27. Ne5 Bb7 28. Rc1 Rc8 29. Rxc8 Bxc8 30. e4 fxe4 31. Bxe4 Kd6 32. f4 Kc5 33. Kd3 a5 34. Bxd5 exd5 35. g4 Ba6+ 36. Kd2 Bc4 37. Kc2 Be2 38. b3 Bf1 39. Kd2 Bg2 40. g5 hxg5 41. fxg5 Bh3 42. Nd3+ Kd4 43. Nf4 Bf5 44. h4 Ke5 45. Ne2 Bg4 46. Nc1 Bf5 47. h5 Kf4 48. h6 gxh6 49. gxh6 Kg5 50. Ke3 Kxh6 51. Kd4 Be4 52. Kc5 Kg5 53. Ne2 Kf5 54. Nd4+ Kf4 55. Nc6 Ke3 56. Nxa5 d4 57. Nc4+ Kd3 58. Kxb4 Kc2 59. a5 d3 60. a6 d2 61. Nxd2 Kxd2 62. Kc5 Bd3 63. a7 Be4 64. b4 Kc3 65. b5 Kb3 66. Kb6 Kb4 67. Ka6 Kc5 68. b6 Bd3+ 69. Kb7 Kb5 70. Kc7 1-0

[Event "Subic Bay op"]
[Site "Subic Bay"]
[Date "2009.05.26"]
[Round "2"]
[White "Wang, Li"]
[Black "Deepan Chakkravarthy, J."]
[Result "0-1"]
[WhiteElo "2401"]
[BlackElo "2482"]
[PlyCount "64"]
[EventDate "2009.05.25"]
[EventType "swiss"]
[EventRounds "9"]
[EventCountry "PHI"]
[SourceTitle "CBM 130 Extra"]
[Source "ChessBase"]
[SourceDate "2009.07.02"]
[SourceVersion "2"]
[SourceVersionDate "2009.07.15"]
[SourceQuality "1"]

1. e4 c5 2. Nf3 d6 3. d4 cxd4 4. Nxd4 Nf6 5. Nc3 a6 6. Be3 e5 7. Nb3 Be7 8. Be2 0-0 9. g4 Be6 10. g5 Nfd7 11. Qd2 Nb6 12. 0-0-0 Nc4 13. Bxc4 Bxc4 14. h4 a5 15. Kb1 b5 16. f4 a4 17. Nc1 exf4 18. Bxf4 b4 19. N3e2 b3 20. cxb3 axb3 21. axb3 Bxe2 22. Nxe2 Qb6 23. Nd4 Nc6 24. Nf5 Rfc8 25. Rc1 Bf8 26. Bxd6 Qxb3 27. Qd5 Qa4 28. Ba3 Bxa3 29. Nh6+ gxh6 30. gxh6 Bxb2 31. Kxb2 Qa3+ 32. Kb1 Rab8+ 0-1

[Event "Asian Continental op 08th"]
[Site "Subic Bay"]
[Date "2009.05.16"]
[Round "4"]
[White "Kazhgaleyev, Murtas"]
[Black "Wang, Li"]
[Result "1-0"]
[WhiteElo "2626"]
[BlackElo "2401"]
[PlyCount "131"]
[EventDate "2009.05.13"]
[EventType "swiss"]
[EventRounds "11"]
[EventCountry "PHI"]
[SourceTitle "CBM 130 Extra"]
[Source "ChessBase"]
[SourceDate "2009.07.02"]
[SourceVersion "2"]
[SourceVersionDate "2009.07.15"]
[SourceQuality "1"]

1. d4 d5 2. c4 dxc4 3. e4 Nf6 4. e5 Nd5 5. Bxc4 Nc6 6. Nc3 Nb6 7. Bb5 Bd7 8. Nf3 e6 9. 0-0 Nb4 10. Be2 Bc6 11. a3 N4d5 12. Qc2 Qd7 13. Ng5 h6 14. Nge4 0-0-0 15. Bf3 f5 16. exf6 gxf6 17. Re1 Qf7 18. b4 Nxc3 19. Qxc3 Bxe4 20. Bxe4 f5 21. Qf3 Nd5 22. Bc2 Kb8 23. Bb3 Bg7 24. Bb2 c6 25. a4 Rhe8 26. b5 c5 27. Rad1 Rc8 28. Qe2 cxd4 29. Bxd4 Nc3 30. Be5+ Ka8 31. Bxc3 Bxc3 32. Rf1 Qf6 33. Rd6 Be5 34. Rd3 Bc7 35. g3 e5 36. Rd7 e4 37. Rc1 Bb6 38. Rxc8+ Rxc8 39. Bd5 Rc7 40. Qb2 Qf8 41. Qg7 Qc8 42. Rxc7 Qxc7 43. Qf8+ Qd8 44. Qxf5 e3 45. fxe3 Bxe3+ 46. Kg2 Bb6 47. h4 Kb8 48. Bf3 Qd2+ 49. Kh3 Kc7 50. Qe4 Kd6 51. Qxb7 Kc5 52. Qe4 Qd7+ 53. Kh2 Qd2+ 54. Kh3 Qd7+ 55. g4 Qd2 56. Qe7+ Qd6 57. Qxd6+ Kxd6 58. g5 Ke7 59. Kg4 Ke6 60. Kh5 hxg5 61. hxg5 Be3 62. a5 Kf5 63. g6 Kf6 64. Be4 Bf4 65. b6 axb6 66. axb6 1-0

[Event "Asian Continental op 08th"]
[Site "Subic Bay"]
[Date "2009.05.14"]
[Round "2"]
[White "Wang, Li"]
[Black "Gundavaa, Bayarsaihan"]
[Result "1-0"]
[WhiteElo "2401"]
[BlackElo "2461"]
[PlyCount "175"]
[EventDate "2009.05.13"]
[EventType "swiss"]
[EventRounds "11"]
[EventCountry "PHI"]
[SourceTitle "CBM 130 Extra"]
[Source "ChessBase"]
[SourceDate "2009.07.02"]
[SourceVersion "2"]
[SourceVersionDate "2009.07.15"]
[SourceQuality "1"]

1. e4 c5 2. Nf3 d6 3. d4 cxd4 4. Nxd4 Nf6 5. Nc3 a6 6. Be3 e6 7. Be2 Be7 8. 0-0 0-0 9. f4 Qc7 10. a4 Nc6 11. Kh1 Nxd4 12. Qxd4 e5 13. Qb6 Qxb6 14. Bxb6 exf4 15. Rxf4 Be6 16. Rd1 Rac8 17. Bd4 Rfd8 18. Rf2 Nd7 19. Bf3 Ne5 20. Bb6 Rd7 21. Nd5 Bd8 22. Bxd8 Rcxd8 23. b3 Bxd5 24. Rxd5 Kf8 25. Rfd2 Ke7 26. Kg1 Rc7 27. c4 Rc5 28. Kf2 a5 29. Rd1 b6 30. R5d2 g6 31. h3 Nc6 32. Ke3 Nb4 33. Kf2 Re5 34. Re1 Kd7 35. Ke3 Kc7 36. Kd4 Rde8 37. Rde2 Na6 38. Re3 h5 39. h4 Nc5 40. Bd1 R8e7 41. g3 Kd7 42. Bc2 R7e6 43. Rf1 Ke7 44. Rf2 Rf6 45. Rxf6 Kxf6 46. Rf3+ Ke7 47. Rf1 Na6 48. Rf2 Nb4 49. Bd3 Nc6+ 50. Kc3 Re6 51. Rf4 Rf6 52. Bf1 Ke6 53. Bh3+ Ke5 54. Bd7 Nb4 55. Rxf6 Kxf6 56. Kd4 Na6 57. Kd5 Ke7 58. Bc8 Nb4+ 59. Kd4 Nc6+ 60. Kd5 Nb4+ 61. Kd4 Nc2+ 62. Kd3 Ne1+ 63. Ke2 Kd8 64. Bb7 Nc2 65. Kd3 Nb4+ 66. Kd4 f6 67. Bd5 Ke7 68. Bb7 g5 69. Bc8 g4 70. Bf5 Kf7 71. Bc8 Nc6+ 72. Ke3 Nb4 73. Kd4 Na2 74. Kd5 Nc3+ 75. Kxd6 Nxe4+ 76. Kc6 Nxg3 77. Kxb6 Ne4 78. c5 g3 79. Bh3 f5 80. c6 Ke7 81. c7 Nd6 82. Kxa5 f4 83. Bg2 Kf6 84. Kb6 Ke5 85. a5 Kd4 86. a6 Ke3 87. a7 Nc8+ 88. Kb7 1-0

[Event "CHN-chT 4th"]
[Site "China"]
[Date "2008.12.08"]
[Round "16"]
[White "Li, Haoyu"]
[Black "Wang, Li"]
[Result "1-0"]
[WhiteElo "2344"]
[BlackElo "2330"]
[PlyCount "120"]
[EventDate "2008.12.??"]
[EventType "team-tourn"]
[EventRounds "18"]
[EventCountry "CHN"]
[SourceTitle "EXT 2017"]
[Source "ChessBase"]
[SourceDate "2016.10.25"]
[SourceVersion "1"]
[SourceVersionDate "2016.10.25"]
[SourceQuality "1"]

1. e4 c5 2. c3 d5 3. exd5 Qxd5 4. d4 Nc6 5. Nf3 e6 6. Na3 Nf6 7. Be3 cxd4 8. Nb5 Qd8 9. Nbxd4 Nxd4 10. Qxd4 Qxd4 11. Bxd4 a6 12. Ne5 Be7 13. g3 0-0 14. Bg2 Rb8 15. 0-0-0 Re8 16. Rhe1 g6 17. Nc4 Nd7 18. Ba7 Ra8 19. Be3 a5 20. Nd6 Bxd6 21. Rxd6 a4 22. Red1 Nf6 23. Rd8 Kf8 24. Bc5+ Kg7 25. Rxe8 Nxe8 26. Rd8 Nc7 27. Bd6 Nb5 28. Bc5 Nc7 29. Bd4+ f6 30. Bxb7 Bxb7 31. Rd7+ Kg8 32. Rxc7 Be4 33. Bxf6 h5 34. h4 Ra5 35. b4 axb3 36. axb3 Ra2 37. Bd4 Kf8 38. b4 Bd3 39. Kd1 Ke8 40. c4 Rc2 41. c5 Rc4 42. Bf6 Rxb4 43. c6 Rc4 44. Re7+ Kf8 45. c7 Bf5 46. Rh7 e5 47. Bxe5 Ke8 48. Kd2 Kf8 49. f3 Ke8 50. Ke3 Kf8 51. Bd6+ Kg8 52. Re7 Kh8 53. Re5 Kg7 54. Rc5 Rxc5 55. Bxc5 Bc8 56. Kf4 Kf6 57. Bd4+ Ke6 58. g4 hxg4 59. fxg4 Kf7 60. Kg5 Bd7 1-0